000 01264nmm a2200349 a 4500
001 ocm0002146131
003 TR-IsHL
005 20201028181924.0
008 190120s2016 tu ara
007 cr cn
020 _a9786054535545
035 _a2146131
_b(N$T)
050 0 4 _aPJ6233
_b.S23 2016
090 0 4 _aPJ6233
_b.S23 2016
100 1 _aŞadoğlu, Murat Serdar
245 1 0 _aArapçayı öğrenenler için kolay dilbilgisi-2
_h[electronic resource] /
_cMurat Serdar Şadoğlu ; yayına hazırlayan Muhammed Ağırakça ; katkıda bulunanlar Zeynep Sever, Zeynep Say, Zeynep Akay
250 _a2. Basım
260 _aİstanbul :
_bAkdem Yayınları,
_c2016
300 _a355 p.
650 4 _aDil ve Edebiyat
650 4 _aLanguage and Literature
650 0 _aArap dili
_x Gramer
650 0 _aArabic language
_x Grammar
650 0 _aArap dili
_x Çalışma ve öğretim
650 0 _aArabic language
_x Study and teaching
650 7 _aLANGUAGE ARTS & DISCIPLINES / Linguistics / General
_2bisacsh
700 1 _aSever, Zeynep
700 1 _aSay, Zeynep
700 1 _aAkay, Zeynep
700 1 _aAğırakça, Muhammed
856 4 0 _uhttp://search.ebscohost.com/login.aspx?direct=true&scope=site&db=e011xww&AN=2146131
999 _c19829
_d19829